Barons of the Potomack and the Rappahannock, (Record no. 52387)

MARC details
000 -LEADER
fixed length control field 01353cam a22003131 4500
001 - CONTROL NUMBER
control field rc 01002743
003 - CONTROL NUMBER IDENTIFIER
control field DLC
005 - DATE AND TIME OF LATEST TRANSACTION
control field 20260227111907.0
007 - PHYSICAL DESCRIPTION FIXED FIELD--GENERAL INFORMATION
fixed length control field cr_|||||||||||
008 - FIXED-LENGTH DATA ELEMENTS--GENERAL INFORMATION
fixed length control field 770114s1892 nyucfhi 000 0 eng
010 ## - LIBRARY OF CONGRESS CONTROL NUMBER
LC control number rc 01002743
035 ## - SYSTEM CONTROL NUMBER
System control number (OCoLC)2678603
040 ## - CATALOGING SOURCE
Original cataloging agency DLC
Transcribing agency DGW
Modifying agency NcRS
-- DLC
042 ## - AUTHENTICATION CODE
Authentication code premarc
050 00 - LIBRARY OF CONGRESS CALL NUMBER
Classification number F225
Item number .C76
100 1# - MAIN ENTRY--PERSONAL NAME
Personal name Conway, Moncure Daniel,
Dates associated with a name 1832-1907.
245 10 - TITLE STATEMENT
Title Barons of the Potomack and the Rappahannock,
Statement of responsibility, etc. by Moncure Daniel Conway.
260 ## - PUBLICATION, DISTRIBUTION, ETC.
Place of publication, distribution, etc. New York,
Name of publisher, distributor, etc. The Grolier club,
Date of publication, distribution, etc. 1892.
300 ## - PHYSICAL DESCRIPTION
Extent xvii, 290 p., 1 l.
Other physical details 2 pl., 4 port. (incl. front.) 3 facsim. (1 fold.) coat of arms.
Dimensions 24 cm.
490 0# - SERIES STATEMENT
Series statement The Grolier club. Publications.
500 ## - GENERAL NOTE
General note Head and tail pieces designed and drawn by Harry Fenn.
500 ## - GENERAL NOTE
General note "One of an edition of three hundred and sixty copies on Italian handmade paper, and three copies on vellum."--The De Vinne press.
505 1# - FORMATTED CONTENTS NOTE
Formatted contents note Tobacconalia.--Spotswood and the cavaliers.--"Arms, and the man."--Augustine Washington and his family.--After Cartagena.--The Virginians.--Warner hall.
530 ## - ADDITIONAL PHYSICAL FORM AVAILABLE NOTE
Additional physical form available note Also available in digital form on the Internet Archive Web site.
651 #0 - SUBJECT ADDED ENTRY--GEOGRAPHIC NAME
Geographic name Virginia
General subdivision Genealogy.
651 #0 - SUBJECT ADDED ENTRY--GEOGRAPHIC NAME
Geographic name Virginia
General subdivision Social life and customs.
600 30 - SUBJECT ADDED ENTRY--PERSONAL NAME
Personal name Washington family.
856 41 - ELECTRONIC LOCATION AND ACCESS
Uniform Resource Identifier <a href="http://hdl.loc.gov/loc.gdc/scd0001.00005471862">http://hdl.loc.gov/loc.gdc/scd0001.00005471862</a>

No items available.

Powered by Koha